000 01320cad a22002535a 4500
001 111814
008 110131s2011 xxk f 000 0 eng u
020 _a9781842196564
035 _a(Sirsi) u152047
041 0 _aeng
050 0 4 _a346.410434 $2 18
110 2 _aRoyal Institution of Chartered Surveyors
_94900
245 0 0 _aDilapidations in Scotland
_bRICS guidance note
_h[electronic resource]
260 _aLondon,
_bRoyal Institution of Chartered Surveyors,
_c2011
490 0 _aRICS Guidance Note
_vGN 67/2011
520 _aProvides practical guidance to RICS members on the skills needed and approach required when instructed in connection with dilapidations matters in Scotland, particularly when advising clients where there are failures by a landlord or tenant to comply with their lease obligations. Deals primarily with commercial and industrial property in Scotland, and is not intended to be a comprehensive guide to dilapidations.
590 _aKA NTK
650 _2DILAPIDATIONS
650 _2LANDLORD AND TENANT
651 4 _aScotland
690 _aPROPERTY-LEASEHOLD PROPERTY-LANDLORD AND TENANT-DILAPIDATIONS
856 4 0 _uhttps://www.rics.org/uk/upholding-professional-standards/sector-standards/building-surveying/dilapidations-in-scotland/
_zView free at RICS.org
942 _n0
_2ddc
999 _c111814
_d111814